| 000 | 01016cam a22002897a 4500 | ||
|---|---|---|---|
| 003 | CHAP | ||
| 005 | 20220329135802.0 | ||
| 008 | 971013s1994 r 00010 d | ||
| 010 | _a42092 | ||
| 011 | _a43064 | ||
| 035 | _a47194 | ||
| 040 | _cCHAP | ||
| 082 |
_a628.53 _bC6 |
||
| 110 |
_aComisión Metropolitana para la Pevención y Control de la Contaminación Ambiental en el Valle de México _925752 |
||
| 245 | 1 | 3 |
_aLa contaminación atmosférica en el Valle de México _b: acciones para su control, 1988-1994 |
| 260 |
_aMéxico, D.F. : _bLa Comisión, _c1994 |
||
| 300 |
_a91 p. _b: ilus. |
||
| 590 |
_aBATCH-UPD _b10 _c20130110 _lUCH01 _h0904 |
||
| 590 |
_aBATCH-UPD _b10 _c20130410 _lUCH01 _h0532 |
||
| 590 |
_aBATCH-UPD _b10 _c20130913 _lUCH01 _h2328 |
||
| 590 |
_aCONVERSION _b10 _c20130109 _lUCH01 _h1323 |
||
| 650 | 1 | 4 |
_aAire _xContaminación. _93138 |
| 650 | 1 | 4 |
_aMedio ambiente _xContaminación. _974069 |
| 901 | _aBK | ||
| 942 | _cLIBRO | ||
| 949 |
_a628.53 C6 _bBC _cC _d33724000581518 _eC _h88758 _i47194 _mD _sb |
||
| 999 |
_c42092 _d42092 |
||